| 000 | 01062nam a2200277 a 4500 | ||
|---|---|---|---|
| 005 | 20240924070224.0 | ||
| 008 | 991125s1990 ea 000 0 eng u | ||
| 035 | _aUPN01000001109 | ||
| 049 | _aCG | ||
| 050 | 4 |
_aAC1 _bG7 1990 v.28 |
|
| 100 | 1 |
_aBacon, Francis, _cBarón de Verulam, Vizconde de St. Albans, _d1561-1626 |
|
| 245 | 1 | 0 |
_aAdvancement of learning ; Novum organum ; New atlantis / _cSir Francis Bacon. |
| 250 | _a2a ed. | ||
| 260 |
_aChicago, E.U.A : _bEncyclopaedia Britannica, _c1990. |
||
| 300 | _axii, 697 p. | ||
| 440 | 0 |
_aGreat books of the western world ; _v28 |
|
| 500 | _aBiografía: p. xi, 219, 589 | ||
| 501 | _aCon: Rules for the direction of the mind ; discourse on the method ; meditations on first philosophy ; objections against the meditations and replies ; the geometry / René Descartes | ||
| 650 | 4 |
_aCiencia _xMetodología _95804 |
|
| 650 | 2 |
_aCiencia _vColecciones _99879 |
|
| 650 | 4 |
_aÉtica _912720 |
|
| 650 | 4 |
_aFilosofía _95327 |
|
| 650 | 4 |
_aLógica _96206 |
|
| 700 | 1 |
_aDescartes, René, _d1596-1650 |
|
| 905 | _aLibro | ||
| 999 |
_c1109 _d1109 |
||